Statistics for Past Ravens Players

Click here to take the quiz!

General Stats

  • This quiz has been taken 15 times
  • The average score is 9 of 16

Answer Stats

Answer% Correct
Jamal Lewis
100%
Joe Flacco
100%
Ray Lewis
100%
Ray rice
91%
Ed Reed
82%
Terrell "T-Sizzle" Suggs
73%
Jonathan Ogden
45%
Tony Siragusa
45%
Marshal Yanda
36%
Michael Oher
36%
Sam Koch
36%
Steve Smith Sr
36%
Todd Heap
36%
Haloti Ngata
27%
Derrick Mason
18%
Matt Stover
18%

Score Distribution

Percentile by Number Answered

Percent of People with Each Score

Your Score History

You have not taken this quiz